000 00799nam a2200229Ii 4500
003 JO-AjNU
008 230605s9999||||xx |||||||||||||| ||und||
017 _a2009/2/607
020 _a9957-16-501-7
040 _aJO-AjNU
_bara
_erda
_cJO-AjNU
041 _aara
050 1 4 _aKMM937.U53.2010
100 3 _a العكيلي ، عزيز ,
_eauthor
_925270
245 0 0 _aالوسيط في شرح القانون التجاري: الأوراق التجارية وعمليات البنوك، الجزء الثاني
250 _aط1
264 3 1 _aعمان : دار الثقافة ، 2010
300 _aج2، 488ص
336 _atext
_btxt
_2rdacontent
337 _aunmediated
_bn
_2rdamedia
338 _avolume
_bnc
_2rdacarrier
650 4 _aالقانون التجاري -- الاردن
_925271
999 _aA9429
_c12997
_d12997